00457 2200169 4500001002100000005001700021006001900038008004100057020002300098035002500121090001800146100002100164245002900185260003800214700001800252990001700270INLIS00000000000846420140314121622.0a ||| | 180719| ||| |  a978-6979-29-2429-9 a0010-081300000000101 a572.579 MUM c0 aMaria Agustina S00acara mengatasi kolestrol aYogyakartabC.V ANDI OFFSETc20110 aAri Wulandari a8630/PN/2013